00381 2200157 4500001002100000005001500021035002000036245003600056100001800092300002800110260002600138082000800164084001400172020002200186990001500208INLIS00000000000327320251203110408 a0010-12250000941 aAnak-Anak Dune /cFrank Herbert0 aFrank Herbert a611 hlm ;c13,5 x 20 cm aJakarta :bPOP,c2025 a813 a813 FRA a a978-623-134-315-4 a19748/B/26